000 00384nam a2200121Ia 4500
008 180305s9999 xx 000 0 und d
020 _a9712327655
100 _aAcero, VictorinaO.
245 _cVictorina O. Acero, Evelyn S. Javier, Herminia O. Castro
_aPrinciples and Strategies of Teaching/
250 _a1st ed.
260 _aManila
_bRex Book Store
_c2000
300 _aiv, 284 Pages
999 _c356079
_d356079